Romerías gallegas : fotografías de Bene /
Saved in:
| Format: | Book |
|---|---|
| Published: |
Buenos Aires :
Galicia,
1951
|
| LEADER | 00359nam a22001097a 4500 | ||
|---|---|---|---|
| 003 | AR-BeUNQ | ||
| 005 | 20240311120208.0 | ||
| 999 | |c 38249 |d 122049 | ||
| 245 | |a Romerías gallegas : |b fotografías de Bene / |c José María Álvarez Blázquez. | ||
| 260 | |a Buenos Aires : |b Galicia, |c 1951 | ||
| 929 | |a DONACION |b Inés Vázquez |e 20170306 |f PAT0066752 |g 2659 |h 1 |l Estante A |o JDC | ||
| 942 | |c LIB |n 0 | ||